Relier la ville des US avec la franchise NBA - Statistiques

Statistiques générales
  • Ce quiz a été pris 446 fois
  • Le résultat moyen est 24 sur 28
Statistiques - réponses
Hint Réponse % Correct
Heat Miami
97%
Celtics Boston
94%
Lakers & Clippers
Los Angeles
94%
Bulls Chicago
93%
Spurs San Antonio
92%
Knicks & Nets New York
91%
Cavaliers Cleveland
90%
Jazz Utah
90%
Rockets Houston
89%
Bucks Milwaukee
88%
Hornets Charlotte
87%
Raptors Toronto
87%
Hawks Atlanta
86%
Thunder Oklahoma City
86%
Nuggets Denver
85%
Pistons Detroit
85%
Grizzlies Memphis
85%
Timberwolves Minnesota
85%
Suns Phoenix
85%
Wizards Washington
85%
Magic Orlando
84%
Mavericks Dallas
82%
Pacers Indiana
82%
76ers Philadelphie
81%
Kings Sacramento
81%
Pelicans La Nouvelle-Orléans
80%
Trail Blazers Portland
80%
Warriors San Francisco
80%
Aucun quiz correspondant
Distribution des résultats
% des personnes avec chaque résultat
Percentile par nombre de réponses
Votre historique - résultats
Vous n’avez pas pris ce quiz